Техника железных дорог. 2021, № 3 (55) (Запись № 12600566)

Подробности
000 -МАРКЕР
контрольное поле 01110nam2a2200217 4500
001 - ИДЕНТИФИКАТОР ЗАПИСИ
контрольное поле RU\NLR\BIBL_A\012607694
005 - ИДЕНТИФИКАТОР ВЕРСИИ
контрольное поле 20250624084302.0
035 ## - ДРУГИЕ СИСТЕМНЫЕ НОМЕРА
Идентификатор записи (NLR Aleph) 012607694
100 ## - ДАННЫЕ ОБЩЕЙ ОБРАБОТКИ
Данные общей обработки 20211001d2021 |||y0rusy50 ca
101 0# - ЯЗЫК РЕСУРСА
Язык текста, звукозаписи и т.д. русский
102 ## - СТРАНА ПУБЛИКАЦИИ ИЛИ ПРОИЗВОДСТВА
Страна публикации Российская Федерация
200 0# - ЗАГЛАВИЕ И СВЕДЕНИЯ ОБ ОТВЕТСТВЕННОСТИ
Основное заглавие 2021, № 3 (55)
210 ## - ПУБЛИКАЦИЯ, РАСПРОСТРАНЕНИЕ И ДР.
Дата издания, распространения и т.д. 2021
Место издания, распространения и т.д. Б. м.
421 #0 - ПРИЛОЖЕНИЕ
Встроенное поле 2001#$aPro//Тепловозы. СТМ$eновое поколение
-- 309##$aВкладка
Заглавие Pro//Тепловозы. СТМ
461 #0 - УРОВЕНЬ НАБОРА
Встроенное поле 001RU\NLR\Per\550266
-- 2001#$aТехника железных дорог$eтенденции, аналитика, статистика$fОб-ние производителей ж.д. техники$v2021, № 3 (55)
Системный номер (АБИС) связанной записи 1848539
Место публикации Москва
Дата публикации 2008 -
Первые сведения об ответственности Об-ние производителей ж.д. техники
Имя издателя, распространителя и т.д. Институт проблем естественных монополий
Сведения, относящиеся к заглавию тенденции, аналитика, статистика
Заглавие Техника железных дорог
Номер тома 2021, № 3 (55)
852 ## - МЕСТОНАХОЖДЕНИЕ И ШИФР ХРАНЕНИЯ
Идентификатор организации NLR
Шифр хранения (Call Number) П11/5486
942 ## - ДОПОЛНИТЕЛЬНЫЕ ЭЛЕМЕНТЫ ЗАПИСИ (АБИС)
Тип экземпляра АБИС Выпуск
980 ## - КОЛЛЕКЦИЯ
Название коллекции Национальная библиография
980 ## - КОЛЛЕКЦИЯ
Название коллекции Русская периодика

Нет доступных экземпляров.